Normal view
MARC view
- IMAGE PROCESSING.DIGITAL IMAGE PROCESSING
Entry Topical Term
001 - CONTROL NUMBER
- control field: 58458
003 - CONTROL NUMBER IDENTIFIER
- control field: NUST
005 - DATE AND TIME OF LATEST TRANSACTION
- control field: 20210628202140.0
008 - FIXED-LENGTH DATA ELEMENTS
- fixed length control field: 210628|| aca||aabn | a|a d
040 ## - CATALOGING SOURCE
- Original cataloging agency: NUST
- Transcribing agency: NUST
150 ## - HEADING--TOPICAL TERM
- Topical term or geographic name entry element: IMAGE PROCESSING.DIGITAL IMAGE PROCESSING
670 ## - SOURCE DATA FOUND
- Source citation: Work cat.: (NUST): Pratt, William.K 58457, Digital image processing, piks inside, 2001
